LEADER 01118nam a2200253 u 4500 001 000000031172 003 CaOOAMICUS 005 20070226112118.0 008 970929s1963 gw u000 u ger u 035 $a10770879 040 $aPUL$bita 041 1 $ager$agrc 100 1 $aBauer, Walter,$d1877-1960.$0(OLS)http://pul/name/24954 245 10$aGriechisch- deutsches Wörterbuch zu den Schriften des Neuen Testaments und der übrigen urchristlichen Literatur /$cvon Walter Bauer .. 250 $a5. Aufl. 260 $aBerlin :$bA. Töpelmann,$c1963. 300 $axv, p., 1780 col. num. ;$c29 cm 500 $aDue colonne per pagina. 630 04$aBiblia.$pN.T.$xDizionari.$0(OLS)http://pul/subject/13270 850 $aPUL 852 $aPUL$W1$xSL Religione 1$y3$m1(7) D 2$j43086$nBK-PRI$b $qStampati$B43086$CPULBib$Z2$F43086 $H $81 941 1 $a8 996 $6245$aGriechisch- deutsches Wörterbuch zu den Schriften des Neuen Testaments und der übrigen urchristlichen Literatur$9(OLS)http://pul/title/42835 996 $6260$aBerlin :$bA. Töpelmann$9(OLS)http://pul/publisher/49126 LEADER 01209nam a2200277 u 4500 001 000000110732 003 CaOOAMICUS 005 20120926120040.0 008 080318s2002 it u000 u ita u 020 $a88-217-1560-4 040 $aPUL$bita$dBc 100 1 $aSciancalepore, Giovanni.$0(OLS)http://pul/name/66330 245 10$aTransessualismo e tutela della persona /$cGiovanni Sciancalepore, Pasquale Stanzione. 260 $a[S.l.] :$bIpsoa,$c2002. 300 $aix, 193 p. ;$c24 cm. 490 1 $aBiblioteca del diritto di famiglia 504 $aBibliografia in nota. 650 14$aSesso$xAspetti giuridici.$0(OLS)http://pul/subject/18080 700 1 $aStanzione, Pasquale.$0(OLS)http://pul/name/37178 830 0$aBiblioteca del diritto di famiglia (Ipsoa).$0(OLS)http://pul/title/164835 850 $aPUL 852 $aPUL$W1$xSL Diritto e Scienze Sociali 3$y79$m346. 4501 COLL 2.4$j126885$qDDC 21$B125597$CPULBib$Z2$F125597 $H106792n $82 941 1 $a9 996 $6020$a88-217-1560-4$9(OLS)http://pul/number/137572 996 $6245$aTransessualismo e tutela della persona$9(OLS)http://pul/title/139260 996 $6260$a[S.l.] :$bIpsoa$9(OLS)http://pul/publisher/77155